Advances in the Molecular Mechanisms of Abscisic Acid and Gibberellins Functions in Plants (Record no. 15486)

MARC details
000 -LEADER
fixed length control field 01159nam a2200133Ia 4500
008 - FIXED-LENGTH DATA ELEMENTS--GENERAL INFORMATION
fixed length control field 220615s9999||||xx |||||||||||||| ||und||
020 ## - INTERNATIONAL STANDARD BOOK NUMBER
International Standard Book Number 9783040000000
245 #0 - TITLE STATEMENT
Title Advances in the Molecular Mechanisms of Abscisic Acid and Gibberellins Functions in Plants
546 ## - LANGUAGE NOTE
Language note English[eng]
650 ## - SUBJECT ADDED ENTRY--TOPICAL TERM
Topical term or geographic name entry element particle film technology||xanthophylls||VAZ cycle||drought||Vitis vinifera L.||abscisic acid||ABA||ethylene||pathogens||plant immunity||PYR1||salicylic acid||Arabidopsis thaliana||cell expansion||gibberellins||hypocotyl growth||transcriptomic analysis||plant hormones||plant size||receptor-like cytoplasmic kinase||skotomorphogenesis||Mediator complex||transcription||ABA signaling||abiotic stress response||grapevine||stomata||metabolism||carbohydrates||salinity||chromatin remodeling||guard cell||osmotic stress||protein phosphatase 2C||stress memory||transgenerational inheritance||abscisic acid (ABA)||flowering time||Arabidopsis||drought escape||bZIP||GIGANTEA||CONSTANS||FLOWERING LOCUS T||FD||citrus||fruit maturation||hormonal interplay||sugars||n/a
700 ## - ADDED ENTRY--PERSONAL NAME
Personal name Quesada, Víctor
856 ## - ELECTRONIC LOCATION AND ACCESS
Uniform Resource Identifier <a href="https://mdpi.com/books/pdfview/book/4358">https://mdpi.com/books/pdfview/book/4358</a>
942 ## - ADDED ENTRY ELEMENTS (KOHA)
Koha item type E-Books
Holdings
Withdrawn status Lost status Damaged status Not for loan Home library Current library Date acquired Total Checkouts Date last seen Price effective from Koha item type
        Kerala University of Digital Sciences, Innovation and Technology Knowledge Centre Kerala University of Digital Sciences, Innovation and Technology Knowledge Centre 15/06/2022   15/06/2022 15/06/2022 E-Books